000 00377pab a2200157 454500
008 180718b2004 xxu||||| |||| 00| 0 eng d
100 _aHittalmani, S.V.
245 _aHalakki Vokkalu: a tribe in transition
260 _c2004
300 _ap.42-45.
362 _aMar
650 _aTribes
700 _aGurav, Kaveri
773 _aTribal Research Bulletin
909 _a67354
999 _c67354
_d67354